<?xml version="1.0" encoding="UTF-8"?>
<record
    xmlns:xsi="http://www.w3.org/2001/XMLSchema-instance"
    xsi:schemaLocation="http://www.loc.gov/MARC21/slim http://www.loc.gov/standards/marcxml/schema/MARC21slim.xsd"
    xmlns="http://www.loc.gov/MARC21/slim">

  <leader>00586nam a22001817a 4500</leader>
  <controlfield tag="005">20250117142136.0</controlfield>
  <datafield tag="010" ind1=" " ind2=" ">
    <subfield code="a">ENG-143516</subfield>
  </datafield>
  <datafield tag="020" ind1=" " ind2=" ">
    <subfield code="c">22200.00</subfield>
    <subfield code="a">9783030123840</subfield>
  </datafield>
  <datafield tag="035" ind1=" " ind2=" ">
    <subfield code="a">EN-127048</subfield>
  </datafield>
  <datafield tag="037" ind1=" " ind2=" ">
    <subfield code="b">DBAD</subfield>
  </datafield>
  <datafield tag="082" ind1=" " ind2=" ">
    <subfield code="a">621.3827</subfield>
  </datafield>
  <datafield tag="245" ind1=" " ind2=" ">
    <subfield code="a">Advances in information and communication/</subfield>
    <subfield code="c">Edited By Kohei Arai and Rahul Bhatia</subfield>
    <subfield code="b">Proceedings of the 2019 future of information and communication conference (FICC), Volume 2</subfield>
  </datafield>
  <datafield tag="250" ind1=" " ind2=" ">
    <subfield code="a">First</subfield>
  </datafield>
  <datafield tag="260" ind1=" " ind2=" ">
    <subfield code="b">Springer</subfield>
    <subfield code="c">2020</subfield>
  </datafield>
  <datafield tag="300" ind1=" " ind2=" ">
    <subfield code="a">1254p.</subfield>
    <subfield code="c">23cm (pbk)</subfield>
  </datafield>
  <datafield tag="490" ind1=" " ind2=" ">
    <subfield code="v">Vol.2</subfield>
  </datafield>
  <datafield tag="942" ind1=" " ind2=" ">
    <subfield code="2">ddc</subfield>
    <subfield code="c">EN</subfield>
    <subfield code="h">621.3827</subfield>
    <subfield code="m">Adv</subfield>
  </datafield>
  <datafield tag="999" ind1=" " ind2=" ">
    <subfield code="c">208573</subfield>
    <subfield code="d">208573</subfield>
  </datafield>
  <datafield tag="952" ind1=" " ind2=" ">
    <subfield code="0">0</subfield>
    <subfield code="1">0</subfield>
    <subfield code="3">Vol.2</subfield>
    <subfield code="4">0</subfield>
    <subfield code="7">1</subfield>
    <subfield code="8">REF</subfield>
    <subfield code="a">L</subfield>
    <subfield code="b">L</subfield>
    <subfield code="d">2025-01-17</subfield>
    <subfield code="e">DBAD</subfield>
    <subfield code="g">22200.00</subfield>
    <subfield code="l">0</subfield>
    <subfield code="o">621.3827 ADV</subfield>
    <subfield code="p">EN-127048</subfield>
    <subfield code="r">2025-01-17 00:00:00</subfield>
    <subfield code="t">1</subfield>
    <subfield code="v">22200.00</subfield>
    <subfield code="w">2025-01-17</subfield>
    <subfield code="y">EN</subfield>
  </datafield>
</record>
